000
00312nam a22001337a 4500
020
_a
9788170355427
082
_a
664.092
_b
KHE/FO
100
_a
Khetarpaul, Neelam
245
_a
Food packaging
260
_a
New Delhi
_b
Daya Publishing House
_c
2012
300
_a
ix+328p
700
_a
Punia, Darshan
942
_c
BK
999
_c
13768
_d
13768